عرض عادي عرض مارك
  • Jones, Timothy,

مدخل إسم شخص

عدد التسجيلات المستخدمة في: 3

001 - رقم الضبط

  • حقل الضبط: 45859

003 - معرف رقم الضبط

  • حقل الضبط: OSt

005 - تاريخ ووقت أخر عملية

  • حقل الضبط: 20140623092113.0

008 - عناصر بيانات ثابتة الطول

  • حقل تحكم ثابت الطول: 140623|||a|||||| | ||| d

040 ## - مصدر الفهرسة

  • هيئة الفهرسة الأصلية: OSt
  • وكالة الكتابة: OSt

100 ## - مدخل -- أسم شخص

  • إسم شخص: Jones, Timothy,
  • تواريخ مرتبطة بالاسم: 1987-

670 ## - بيانات المصدر موجوده

  • الاستشهاد بالمصدر: Work cat.: (OSt)0: Jones, Timothy, 1987-, Renal and urinary systems /, 2013.